Understanding long-term unemployment in the Czech Republic

Negatívnym znakom stredoeurópskych ekonomík pri vstupe do Európskej únie je dlhodobá nezamestnanosť. Skúmanie dlhodobej nezamestnanosti v ČR a porovnanie údajov s údajmi západných ekonomík. Úloha sociálnej podpory pri dlhodobej nezamestnanosti.

Na minha lista:
Detalhes bibliográficos
Autor principal: Jurajda, Štěpán
Outros Autores: Münich, Daniel
Formato: Capítulo de Livro
Idioma:inglês
Assuntos:
Tags: Adicionar Tag
Sem tags, seja o primeiro a adicionar uma tag!

MARC

LEADER 00000naa a2200000 4500
001 r048631
005 20231004102449.7
041 0 |a eng 
044 |a CZ 
245 1 0 |a Understanding long-term unemployment in the Czech Republic  |c Štěpán Jurajda, Daniel Münich 
520 |a Negatívnym znakom stredoeurópskych ekonomík pri vstupe do Európskej únie je dlhodobá nezamestnanosť. Skúmanie dlhodobej nezamestnanosti v ČR a porovnanie údajov s údajmi západných ekonomík. Úloha sociálnej podpory pri dlhodobej nezamestnanosti. 
610 2 0 |a nezamestnanosť dlhodobá 
610 2 0 |a Česko 
610 2 0 |a ukazovatele makroekonomické 
610 2 0 |a porovnanie medzinárodné 
610 2 0 |a sily pracovné 
610 2 0 |a modely regresné 
610 2 0 |a podpory v nezamestnanosti 
610 2 0 |a starostlivosť sociálna 
100 1 |a Jurajda, Štěpán 
700 1 |a Münich, Daniel